| 000 | 00817cam a2200265 i 4500 | ||
|---|---|---|---|
| 001 | 1828594 | ||
| 003 | OSt | ||
| 005 | 20140310182058.0 | ||
| 008 | 801217s1981 ilua 000 0 eng | ||
| 010 | _a 80080569 | ||
| 020 | _a0844255610 | ||
| 040 |
_aDLC _cDLC _dDLC |
||
| 043 | _ae-gr--- | ||
| 050 | 0 | 0 |
_aBL 782 _b.R671992 |
| 082 | 0 | 0 |
_aHS 292.13 _bR72 1992 |
| 100 | 1 |
_aRosenberg, Donna. _912537 |
|
| 245 | 1 | 0 |
_aMythology and you : _bclassical mythology and its relevance to today's world / _cDonna Rosenberg, Sorelle Baker. |
| 260 |
_aSkokie, IL : _bNational Textbook Co., _cc1992. |
||
| 300 |
_a295 p. : _bill. ; _c23 cm. |
||
| 650 | 0 |
_aMythology, Greek. _95060 |
|
| 700 | 1 |
_aBaker, Sorelle, _ejoint author. _912538 |
|
| 906 |
_a7 _bcbc _corignew _d2 _eopcn _f19 _gy-gencatlg |
||
| 942 |
_2lcc _cHS |
||
| 999 |
_c9133 _d9133 |
||